[Event "Ruhrgebiet Verbandsklasse Gruppe 1 1819"]
[Site "Nordrheinwestfalen"]
[Date "2019.02.03"]
[Round "6.5"]
[White "Schaedlich, Andreas"]
[Black "Funke, Eckhard"]
[Result "1/2-1/2"]
[WhiteElo "1881"]
[BlackElo "1809"]
[PlyCount "81"]
[EventDate "2018.09.23"]
[EventType "team-tourn"]
[EventRounds "9"]
[EventCountry "GER"]
[SourceTitle "EXT 2022"]
[Source "ChessBase"]
[SourceDate "2021.10.06"]
[SourceVersion "1"]
[SourceVersionDate "2021.10.06"]
[SourceQuality "1"]
[WhiteTeam "Bergeborbeck Wacker"]
[BlackTeam "Guennigfeld SV"]
[WhiteTeamCountry "GER"]
[BlackTeamCountry "GER"]

1. e4 c5 2. Bc4 e6 3. c3 d5 4. exd5 exd5 5. Bb3 Nc6 6. d4 c4 7. Bc2 Bd6 8. Nf3 Nge7 9. 0-0 Qc7 10. Re1 0-0 11. Bg5 f6 12. Bh4 Bf5 13. Nbd2 Qd7 14. Nf1 Bxc2 15. Qxc2 Nf5 16. Ne3 Nxe3 17. Rxe3 Rfe8 18. Rae1 Rxe3 19. Rxe3 Bf4 20. Re2 Qg4 21. Bg3 Bxg3 22. hxg3 Qg6 23. Qd2 Re8 24. Nh4 Qf7 25. Nf5 Rxe2 26. Qxe2 Qd7 27. Qg4 Kf8 28. Qf4 g6 29. Ne3 Kf7 30. g4 g5 31. Qh2 Kg8 32. Nf5 Ne7 33. Qb8+ Kf7 34. Nd6+ Kg7 35. Nxb7 Qxg4 36. f3 Qe6 37. Kf2 Nf5 38. Qc7+ Kg6 39. Kf1 Qe3 40. Nd8 Qc1+ 41. Kf2 1/2-1/2

[Event "Ruhrgebiet Verbandsklasse Gruppe 3 1516"]
[Site "Germany"]
[Date "2016.02.21"]
[Round "7.5"]
[White "Schaedlich, Andreas"]
[Black "Hornung, Ruediger"]
[Result "0-1"]
[WhiteElo "1881"]
[BlackElo "1874"]
[PlyCount "76"]
[EventDate "2015.09.06"]
[EventType "team-tourn"]
[EventRounds "9"]
[EventCountry "GER"]
[SourceTitle "EXT 2022"]
[Source "ChessBase"]
[SourceDate "2021.10.06"]
[SourceVersion "1"]
[SourceVersionDate "2021.10.06"]
[SourceQuality "1"]
[WhiteTeam "Bergeborbeck Wacker"]
[BlackTeam "Eving SV Rochade"]
[WhiteTeamCountry "GER"]
[BlackTeamCountry "GER"]

1. e4 e6 2. d4 d5 3. exd5 exd5 4. Bd3 Bd6 5. Nf3 Ne7 6. Nbd2 Bf5 7. Nf1 c5 8. Ne3 Bg6 9. c3 Nbc6 10. Bxg6 fxg6 11. Qa4 Qb6 12. 0-0 0-0 13. b3 Rxf3 14. gxf3 cxd4 15. Nc2 Nf5 16. cxd4 Nh4 17. f4 Rf8 18. Kh1 Qc7 19. Qb5 Qf7 20. Qd3 Bxf4 21. Ba3 Rd8 22. Rae1 h5 23. Re2 g5 24. Rfe1 g4 25. Re7 Qf6 26. Re8+ Kf7 27. Rxd8 Qxd8 28. Qe2 Qd7 29. Qd3 Nf3 30. Re2 g6 31. b4 Qd8 32. Qb5 Bxh2 33. Qxb7+ Bc7 34. Kg2 Qd6 35. Re3 Qh2+ 36. Kf1 Qh1+ 37. Ke2 Ncxd4+ 38. Nxd4 Qe1+ 0-1

[Event "Ruhrgebiet Verbandsklasse Gruppe 3 1516"]
[Site "Germany"]
[Date "2015.09.27"]
[Round "2.4"]
[White "Lauer, Boris"]
[Black "Schaedlich, Andreas"]
[Result "1-0"]
[WhiteElo "1829"]
[BlackElo "1881"]
[PlyCount "135"]
[EventDate "2015.09.06"]
[EventType "team-tourn"]
[EventRounds "9"]
[EventCountry "GER"]
[SourceTitle "EXT 2022"]
[Source "ChessBase"]
[SourceDate "2021.10.06"]
[SourceVersion "1"]
[SourceVersionDate "2021.10.06"]
[SourceQuality "1"]
[WhiteTeam "Annen Sport Union"]
[BlackTeam "Bergeborbeck Wacker"]
[WhiteTeamCountry "GER"]
[BlackTeamCountry "GER"]

1. d4 d6 2. Nf3 Nf6 3. Bf4 g6 4. e3 Bg7 5. h3 0-0 6. Be2 Nbd7 7. 0-0 c5 8. c3 a6 9. Nbd2 b5 10. a4 bxa4 11. Qxa4 Bb7 12. Rfd1 Qc7 13. Qc2 Rfc8 14. Ra3 cxd4 15. exd4 Nd5 16. Bg3 Qb6 17. Qb3 Qxb3 18. Nxb3 N5b6 19. Na5 Bd5 20. Rda1 e5 21. dxe5 dxe5 22. Nd2 Bf8 23. b4 Ra7 24. f3 f5 25. Bf2 Raa8 26. Rb1 e4 27. c4 exf3 28. gxf3 Bf7 29. c5 Nd5 30. Ndc4 Nf4 31. Bf1 Re8 32. Nb6 Nxb6 33. cxb6 Nd5 34. Bc5 Re6 35. b7 Rb8 36. Ba7 Bd6 37. Bxb8 Bxb8 38. Rc1 Ba7+ 39. Kh1 Rb6 40. Rc8+ Kg7 41. Bc4 Rxb4 42. Rb3 Ra4 43. Rb1 Nc3 44. Rc1 Rxa5 45. Rxc3 Ra1+ 46. Kh2 Rb1 47. Bxa6 Bd5 48. Rc1 Rb6 49. Ra8 Rb2+ 50. Kg3 Bf2+ 51. Kf4 Rb4+ 52. Ke5 Bxf3 53. Rc4 Rxc4 54. Bxc4 Bxb7 55. Ra2 Bg3+ 56. Ke6 Bc8+ 57. Kd5 f4 58. Bf1 Bf5 59. Ra7+ Kh6 60. Rf7 Bc2 61. Ra7 g5 62. Be2 Bf5 63. Ra6+ Bg6 64. Bg4 Kg7 65. Ra7+ Kf6 66. Ra6+ Kg7 67. Ra7+ Bf7+ 68. Be6 1-0

[Event "NRW Verbandsklasse Group3 1314"]
[Site "Nordrheinwestfalen"]
[Date "2014.04.06"]
[Round "9"]
[White "Kuerschners, Stefan"]
[Black "Schaedlich, Andreas"]
[Result "1-0"]
[WhiteElo "1975"]
[BlackElo "1929"]
[PlyCount "87"]
[EventDate "2013.09.08"]
[EventType "team-tourn"]
[EventRounds "9"]
[EventCountry "GER"]
[SourceTitle "EXT 2020"]
[Source "ChessBase"]
[SourceDate "2019.10.17"]
[SourceVersion "1"]
[SourceVersionDate "2019.10.17"]
[SourceQuality "1"]
[WhiteTeam "Oberhausen SV II"]
[BlackTeam "Wacker Bergeborbeck"]
[WhiteTeamCountry "GER"]
[BlackTeamCountry "GER"]

1. e4 c5 2. Nf3 Nc6 3. Nc3 g6 4. d4 cxd4 5. Nxd4 Bg7 6. Nb3 Nf6 7. Be2 d6 8. Bg5 Be6 9. 0-0 0-0 10. Kh1 h6 11. Bh4 Qd7 12. f4 Bg4 13. Nd5 Bxe2 14. Qxe2 Ne8 15. c3 e6 16. Ne3 Bf6 17. Bg3 Ng7 18. Ng4 Be7 19. Nxh6+ Kh7 20. Ng4 Nh5 21. Qf3 Nxg3+ 22. Qxg3 f5 23. Qh3+ Kg8 24. exf5 gxf5 25. Nh6+ Kg7 26. Rf3 Rf6 27. Rg3+ Rg6 28. Rxg6+ Kxg6 29. g4 Rh8 30. gxf5+ exf5 31. Rg1+ Kf6 32. Ng8+ Rxg8 33. Rxg8 Ke6 34. Qg2 Bf6 35. Rg3 Qf7 36. Rd3 Kd7 37. Qd5 Qe7 38. Nc5+ Kc7 39. Ne6+ Kd7 40. Re3 Kc8 41. Qxf5 Kb8 42. Re4 a6 43. Nc5 Qd8 44. Nd7+ 1-0

[Event "NRW Verbandsklasse Group3 1314"]
[Site "Nordrheinwestfalen"]
[Date "2013.09.08"]
[Round "1"]
[White "Stoetzel, Martin"]
[Black "Schaedlich, Andreas"]
[Result "0-1"]
[WhiteElo "1736"]
[BlackElo "1929"]
[PlyCount "52"]
[EventDate "2013.09.08"]
[EventType "team-tourn"]
[EventRounds "9"]
[EventCountry "GER"]
[SourceTitle "EXT 2020"]
[Source "ChessBase"]
[SourceDate "2019.10.17"]
[SourceVersion "1"]
[SourceVersionDate "2019.10.17"]
[SourceQuality "1"]
[WhiteTeam "Erkenschwick II"]
[BlackTeam "Wacker Bergeborbeck"]
[WhiteTeamCountry "GER"]
[BlackTeamCountry "GER"]

1. e4 c5 2. Nf3 Nc6 3. d4 cxd4 4. Nxd4 d6 5. Be2 g6 6. 0-0 Bg7 7. Nb3 Nf6 8. Nc3 0-0 9. Be3 Bd7 10. f4 a6 11. a4 Rc8 12. Bf3 Be6 13. Nd5 Nd7 14. c3 Re8 15. g4 Na5 16. Nxa5 Qxa5 17. b4 Qd8 18. Bd4 Bxd5 19. Bxg7 Bc4 20. Bd4 Bxf1 21. Qxf1 e5 22. Be3 Rxc3 23. Bd2 Qb6+ 24. Kh1 Rc2 25. Qe1 exf4 26. Bxf4 Qf2 0-1

[Event "Ruhrgebiet VK3 1213"]
[Site "Nordrheinwestfalen"]
[Date "2012.09.30"]
[Round "2.6"]
[White "Ball, Joerg"]
[Black "Schaedlich, Andreas"]
[Result "1/2-1/2"]
[WhiteElo "1921"]
[BlackElo "1934"]
[PlyCount "92"]
[EventDate "2012.09.02"]
[EventType "team-tourn"]
[EventRounds "9"]
[EventCountry "GER"]
[SourceTitle "EXT 2020"]
[Source "ChessBase"]
[SourceDate "2019.10.17"]
[SourceVersion "1"]
[SourceVersionDate "2019.10.17"]
[SourceQuality "1"]
[WhiteTeam "Listiger Bauer Essen"]
[BlackTeam "Wacker Bergeborbeck"]
[WhiteTeamCountry "GER"]
[BlackTeamCountry "GER"]

1. e4 c5 2. Nf3 d6 3. d4 cxd4 4. Nxd4 g6 5. c4 Bg7 6. Nc3 Nf6 7. Be3 0-0 8. Be2 Nc6 9. 0-0 Bd7 10. h3 a6 11. Qd2 Rc8 12. Rad1 Ne5 13. b3 Bc6 14. f4 Ned7 15. Bf3 Re8 16. g4 Nf8 17. g5 N6d7 18. Bg4 Rc7 19. b4 e5 20. Nxc6 Rxc6 21. f5 Nb6 22. Be2 Nfd7 23. c5 Nc8 24. fxg6 hxg6 25. Bc4 Rf8 26. b5 axb5 27. Bxb5 Rxc5 28. Bxd7 Rxc3 29. Qxc3 Qxd7 30. Kg2 Qa4 31. Qd3 Qxa2+ 32. Rd2 Qa4 33. Rc2 b5 34. Rb2 Ne7 35. Rxb5 f5 36. gxf6 Bxf6 37. Qb3+ Qxb3 38. Rxb3 Kf7 39. Rb6 Ke6 40. Bg5 Ng8 41. Bd2 Rc8 42. Bb4 Be7 43. Rd1 Rd8 44. Ra1 Nf6 45. Kf3 Rh8 46. Rh1 Rh4 1/2-1/2